000 01056nam a2200229Ia 4500
001 L560-26146
003 IT-CnALBA
008 170116s9999||||xx |||||||||||||| ||und||
040 _aIT-CnALBA
_cIT-CnALBA
041 _aITALIANO
100 _aMACÈ GIOVANNI
245 0 _aI SERVITORI DELLO STOMACO.
250 _a1a ed.
260 _aMILANO
_bTREVES, FRATELLI - EDITORI.
_c1925 [1° Ed.:1925 - Ed.Ling.Originale: 1925]
300 _a275 p.
500 _aOSSA MIDOLLO. ARTICOLAZIONI. COLONNA VERTEBRALE. CAPO E PETTO. BRACCIA E GAMBE. MUSCOLI. ATTEGGIAMENTI. MOVIMENTI VOLONTARI. ISTINTIVI. CERVELLETTO. CENTRO NERVOSO. IL GRAN SIMPATICO.
501 _aSocietà San Paolo EM - Piazza San Paolo, 14 - 12051 ALBA (CN) (non commercial uses only) ® Copyright 2017
520 _aOSSA MIDOLLO. ARTICOLAZIONI. COLONNA VERTEBRALE. CAPO E PETTO. BRACCIA E GAMBE. MUSCOLI. ATTEGGIAMENTI. MOVIMENTI VOLONTARI. ISTINTIVI. CERVELLETTO. CENTRO NERVOSO. IL GRAN SIMPATICO.
650 _aPALEONTOLOGIA-PALEOZOOLOGIA
942 _cBK
957 _71
999 _a30933
_bSI
_g Copie: 1
_c285258
_d285258